| 000 | 00482cam a22001457a 4500 | ||
|---|---|---|---|
| 008 | 180718b2013 xxu||||| |||| 00| 0 eng d | ||
| 020 | _a9788131605578 | ||
| 082 | _aB122x54 M896 | ||
| 100 | _aMukherji, Shekhar | ||
| 245 |
_aMigration in India : links to urbanization, regional disparities and development policies _cby Shekhar Mukherji |
||
| 260 |
_aNew Delhi _bRAWAT _c2013 |
||
| 300 | _a512p. | ||
| 650 | _aRural-urban migration -- India | ||
| 650 | _aMigration, Internal -- India | ||
| 999 |
_c444016 _d444016 |
||